000 00378 a2200169 4500
001 157124
020 _a9788516095987
040 _cEscola São Tomás de Aquino
100 _aCARRASCO, Walcyr
240 1 0 _aParábolas da Bíblia
_lpor
245 1 0 _aParábolas da Bíblia
300 _a154 p.
362 0 _a2015
440 1 _aModerna
697 _aReligião
942 _cBK
999 _c157124
_d157124